[Event "32nd British Rapid-ch 2018"]
[Site "Ilkley"]
[Date "2018.11.25"]
[Round "4"]
[White "Cohen, Aron J"]
[Black "Keely, Leo A"]
[Result "1-0"]
[WhiteElo "2265"]
[BlackElo "1964"]
[PlyCount "86"]
[EventDate "2018.11.24"]
[EventType "swiss"]
[EventCountry "ENG"]

1. e4 d5 2. exd5 Nf6 3. Nc3 Nxd5 4. Bc4 Nb6 5. Bb3 Nc6 6. Qf3 e6 7. Nge2 Qf6 8. Qxf6 gxf6 9. Nb5 Bd6 10. c3 a6 11. Nxd6+ cxd6 12. d3 Rg8 13. g3 Ne5 14. Nf4 Bd7 15. Be3 Bc6 16. Rf1 Nf3+ 17. Ke2 Nd7 18. h4 Ke7 19. d4 Be4 20. Rfc1 Rac8 21. Bc2 f5 22. Nh3 d5 23. Bd1 Nb6 24. b3 f6 25. a4 Nd7 26. a5 Nb8 27. Ra4 Nc6 28. Rca1 Na7 29. Bd2 Nb5 30. Rc1 Rc6 31. c4 Nbxd4+ 32. Ke3 f4+ 33. Nxf4 Nf5+ 34. Ke2 d4 35. Bb4+ Kf7 36. Kf1 e5 37. Ng2 d3 38. Ra2 Rd8 39. Bd2 N5d4 40. Be3 Nc2 41. Bxf3 Nxe3+ 42. fxe3 Bxf3 43. Rd2 Be2+ {Kf2f5 [%clk 0:00:00] Rc3 [%clk 0:00:00] Rg8 [%clk 0:00:00] Ne1 [%clk 0:00:00] Rcg6 [%clk 0:00:00] Nxd3 [%clk 0:00:00] Bxd3 [%clk 0:00:00] Rcxd3 [%clk 0:00:00] Kg7 [%clk 0:00:00] Rd5 [%clk 0:00:00] Kh6 [%clk 0:00:00] Rxe5 [%clk 0:00:00] Rxg3 [%clk 0:00:00] Rxf5 [%clk 0:00:00] Rh3 [%clk 0:00:00] Rd6+ [%clk 0:00:00] Kg7 [%clk 0:00:00] Rd7+ [%clk 0:00:00] Kg6 [%clk 0:00:00] Rg5+ [%clk 0:00:00]} 1-0

[Event "32nd British Rapid-ch 2018"]
[Site "Ilkley"]
[Date "2018.11.25"]
[Round "4"]
[White "Surtees, Mike J"]
[Black "Gogia, Armaan"]
[Result "1-0"]
[WhiteElo "2096"]
[BlackElo "1808"]
[PlyCount "67"]
[EventDate "2018.11.24"]
[EventType "swiss"]
[EventCountry "ENG"]

1. e4 c5 2. Nh3 Nc6 3. f4 g6 4. Nf2 Bg7 5. d3 e6 6. g3 Nge7 7. Bg2 d6 8. O-O O-O 9. Na3 a6 10. c3 Rb8 11. Nc2 b5 12. d4 cxd4 13. cxd4 d5 14. e5 Qb6 15. g4 f6 16. Be3 a5 17. Nd3 Nd8 18. b4 axb4 19. Ndxb4 Nec6 20. Qe2 Nxb4 21. Nxb4 Nc6 22. Nxc6 Qxc6 23. Rfc1 Qd7 24. Rc5 Ba6 25. Bf1 fxe5 26. fxe5 Rfc8 27. Rxc8+ Rxc8 28. a4 Rc4 29. Qb2 bxa4 30. Bxc4 Bxc4 31. Qb8+ Kf7 32. Rb1 Bb3 33. Rf1+ Ke7 34. Bg5+ 1-0

[Event "32nd British Rapid-ch 2018"]
[Site "Ilkley"]
[Date "2018.11.25"]
[Round "5"]
[White "Gormally, Daniel W"]
[Black "Surtees, Mike J"]
[Result "1-0"]
[WhiteElo "2483"]
[BlackElo "2096"]
[Annotator "TA"]
[PlyCount "34"]
[EventDate "2018.11.24"]
[EventType "swiss"]
[EventCountry "ENG"]

{[%evp 17,34,37,70,33,45,44,179,85,130,87,156,80,527,61,485,-75,936,-294,455]} 1. d4 e6 2. Nf3 Nf6 3. c4 c5 4. d5 exd5 5. cxd5 d6 6. Nc3 g6 7. e4 a6 8. h3 Bg7 9. Bd3 O-O 10. Bf4 {A70: Modern Benoni: 6 e4 g6 7 Nf3} Ne8 $146 ({Predecessor:} 10... b5 11. O-O Re8 12. Re1 Bb7 13. a3 Qb6 14. Qd2 Nbd7 15. b4 Rac8 16. Rac1 Nh5 17. Bh6 Bh8 18. Ne2 Nhf6 19. Ng3 c4 {1-0 (42) Dreev,A (2698)-Vallejo Pons,F (2681) Sant Lluis 2005}) 11. Qd2 c4 ({Black should try} 11... Nd7 $14) 12. Bc2 (12. Bxc4 $18 {and the rest is easy.} Nd7 13. O-O) 12... Bd7 13. a4 Qc7 ({Black should play} 13... a5) 14. Ra2 (14. O-O $142) 14... Bb5 $2 {[%mdl 8192] [#]} (14... a5 $16 {is more resistant.}) 15. Rf1 $2 ({Only move:} 15. axb5 $18 a5 16. O-O) 15... Kh8 $2 {[%mdl 8192]} (15... Bd7 $14) 16. Bxd6 $2 ({White has to play} 16. axb5 $18 Nd7 17. Ra4) 16... Bd7 $2 {[%mdl 8192]} (16... Nxd6 $17 17. axb5 Nd7) 17. Bc5 $4 {[%mdl 8192]} (17. Bxc7 $18 Nxc7 18. Qf4) 17... b5 $4 {[%mdl 8192] Accuracy: White =  2%, Black =  0%.} (17... Qxc5 $19 {avoids the disaster.} 18. e5 Nc7) 1-0

[Event "32nd British Rapid-ch 2018"]
[Site "Ilkley"]
[Date "2018.11.25"]
[Round "5"]
[White "Sarakauskas, Gediminas"]
[Black "Bates, Richard A"]
[Result "1-0"]
[WhiteElo "2425"]
[BlackElo "2378"]
[Annotator "TA"]
[PlyCount "49"]
[EventDate "2018.11.24"]
[EventType "swiss"]
[EventCountry "ENG"]

{[%evp 14,49,11,8,16,0,0,0,0,0,10,0,0,0,7,8,21,19,33,29,50,47,70,32,27,25,70,30,16,0,72,46,44,49,60,0,0,0]} 1. e4 c5 2. Nf3 d6 3. Bb5+ Nd7 4. d4 cxd4 5. Qxd4 e5 6. Qd3 a6 {B51: Sicilian: Moscow Variation (3 Bb5+) without 3...Bd7} 7. Bxd7+ Bxd7 8. Nc3 {LiveBook: 156 Games} Be7 (8... Rc8 9. O-O Qc7 10. Rd1 Be6 11. a4 Nf6 12. Nd2 Be7 13. Nf1 Qc4 14. Ne3 Qxd3 15. Rxd3 Kd7 {½-½ (33) Xiong,J (2656)-Vachier Lagrave,M (2780) Douglas 2018}) 9. Nd5 Bc6 $146 ({Predecessor:} 9... Nf6 10. Nxf6+ gxf6 11. Nh4 Rg8 12. O-O Rc8 13. Re1 Qc7 14. c3 {½-½ (46) Sammalvuo,T (2437)-Delgado Ramirez,N (2539) Bled 2002}) 10. Be3 {aiming for Bb6.} Bxd5 11. Qxd5 Qc7 12. Qd3 (12. Nd2 {with more complications.} Nf6 13. Qd3 O-O 14. O-O Rfd8 15. c4) 12... Rc8 13. c3 Nf6 14. Bg5 O-O 15. Bxf6 Bxf6 16. O-O b5 17. Rfd1 Rfd8 18. a4 Qb6 19. axb5 axb5 20. Nd2 Bg5 21. Nf3 Bh6 (21... Bf6 $11 {keeps the balance.}) 22. Ne1 b4 23. Ra6 Qc5 {[%cal Rb4c3]} 24. Rxd6 (24. cxb4 $1 $14 Qxb4 25. Rxd6 Qxd6 26. Qxd6 Rxd6 27. Rxd6) 24... Rxd6 $11 25. Qxd6 {[%mdl 32768] Accuracy: White = 63%, Black = 65%. . Loss on time!?} 1-0

[Event "32nd British Rapid-ch 2018"]
[Site "Ilkley"]
[Date "2018.11.25"]
[Round "5"]
[White "Willow, Jonah B"]
[Black "Alsina Leal, Daniel"]
[Result "1/2-1/2"]
[WhiteElo "2224"]
[BlackElo "2472"]
[Annotator "TA"]
[PlyCount "19"]
[EventDate "2018.11.24"]
[EventType "swiss"]
[EventCountry "ENG"]

{[%evp 9,19,-24,9,-1326,50,24,600,22,480,73,520,97]} 1. e4 Nf6 2. Nc3 e5 3. g3 h6 (3... d5 4. exd5 Nxd5 5. Bg2 Nxc3 6. bxc3 Bc5 7. d3 O-O 8. Nf3 Nc6 9. O-O Bg4 10. h3 Bh5 11. g4 Bg6 12. Re1 e4 13. dxe4 Qxd1 14. Rxd1 Bxe4 15. Nd4 Bxg2 16. Kxg2 Rfd8 17. Be3 Ne5 18. Bf4 {½-½ (33) Mamedyarov,S (2801)-Giri,A (2782) chess.com INT 2018}) 4. Nd5 $146 ({Predecessor:} 4. Nf3 Nc6 5. Bg2 Bb4 6. O-O d6 7. d3 O-O 8. a3 Bxc3 9. bxc3 Bg4 10. Be3 Re8 11. h3 Bxf3 12. Qxf3 Qd7 13. Rab1 Rab8 14. Rb3 a6 15. a4 Na5 16. Rb2 Qxa4 17. Rb4 {½-½ (52) Le Menn,A (1280)-Le Menn,G (1270) Fouesnant 2009}) 4... b5 5. Qe2 Nxd5 6. Qc4 $2 {[%mdl 8192] C26: Vienna Game: 2...Nf6, sidelines} (6. exd5 $11 Be7 7. d4 (7. Qxe5 O-O $11)) 6... f5 $2 (6... bxc4 $19 7. exd5 Qf6) 7. Qxd5 $14 {[%mdl 64] [#] Double Attack} b4 $2 {[%mdl 8192]} (7... Nc6 $11) 8. c4 $2 (8. Bc4 $18 {[%csl Gc4][%cal Rd5f7]} Qf6 9. Qxa8 {[%mdl 64] Double Attack}) 8... b3 $2 {[%mdl 8192]} (8... Nc6 $11) 9. f4 $2 (9. Be2 $18 {and White stays clearly on top. Intending Bh5+ and mate.} h5 10. Qxa8 {[%mdl 64] Double Attack}) 9... g6 $2 {[%mdl 8192]} (9... Nc6 $16 {is tougher.}) 10. axb3 $2 {Accuracy: White =  3%, Black =  0%.} (10. Qxa8 $18 {and the rest is easy.} Nc6 11. axb3) 1/2-1/2

[Event "32nd British Rapid-ch 2018"]
[Site "Ilkley"]
[Date "2018.11.25"]
[Round "5"]
[White "Van Kemenade, Rudy"]
[Black "Cohen, Aron J"]
[Result "1-0"]
[WhiteElo "1953"]
[BlackElo "2265"]
[PlyCount "126"]
[EventDate "2018.11.24"]
[EventType "swiss"]
[EventCountry "ENG"]

1. e4 d6 2. d4 Nf6 3. Nc3 g6 4. g3 Bg7 5. Bg2 c6 6. a4 O-O 7. h3 Nbd7 8. Nge2 e5 9. Be3 Re8 10. O-O Qc7 11. Qd2 Nf8 12. Rad1 Be6 13. b3 Rad8 14. f4 exd4 15. Nxd4 d5 16. e5 Ne4 17. Nxe4 dxe4 18. Nxe6 Nxe6 19. Qf2 f5 20. exf6 Bxf6 21. Bxe4 Ng7 22. Bg2 b6 23. a5 Rxd1 24. Rxd1 c5 25. axb6 axb6 26. g4 h5 27. Kf1 Qe7 28. Rd3 Bh4 29. Qf3 Qf6 30. Bf2 Bxf2 31. Kxf2 Ne6 32. f5 Nd4 33. Qd5+ Kg7 34. c3 Re5 35. Qd7+ Re7 36. Qd5 Qh4+ 37. Kg1 Ne2+ 38. Kh2 hxg4 39. f6+ Kxf6 40. b4 Kg7 41. Qd6 g3+ 42. Kh1 Nf4 43. Rf3 Nxh3 44. Qxg3 Nf2+ 45. Kg1 Qxg3 46. Rxg3 Ne4 47. Re3 cxb4 48. cxb4 Kf6 49. Rxe4 Rc7 50. Kf2 Kf5 51. Ke3 Rc3+ 52. Kd4 Rg3 53. Re5+ Kf6 54. Be4 Rg1 55. Rb5 Rd1+ 56. Bd3 g5 57. Rxb6+ Kf7 58. b5 g4 59. Ke3 g3 60. Bc4+ Kg7 61. Kf3 Rd4 62. Rc6 Rd2 63. Kxg3 Kf8 1-0

[Event "32nd British Rapid-ch 2018"]
[Site "Ilkley"]
[Date "2018.11.25"]
[Round "6"]
[White "Gormally, Daniel W"]
[Black "Sarakauskas, Gediminas"]
[Result "1/2-1/2"]
[WhiteElo "2483"]
[BlackElo "2425"]
[Annotator "TA"]
[PlyCount "26"]
[EventDate "2018.11.24"]
[EventType "swiss"]
[EventCountry "ENG"]

{[%evp 9,26,81,125,78,141,0,0,-41,436,422,902,777,735,-554,579,-644,1440,109,135]} 1. d4 d5 2. c4 Nf6 3. Nc3 a6 (3... g6 4. Nf3 Bg7 5. Qb3 dxc4 6. Qxc4 O-O 7. e4 Nc6 8. Bf4 Bg4 9. d5 Bxf3 10. gxf3 Nh5 11. dxc6 b5 12. Qxb5 Rb8 13. Qa5 Nxf4 14. Rd1 Qc8 15. b3 Rb6 16. Nd5 Nxd5 17. Rxd5 Rxc6 {½-½ (45) Ivanchuk,V (2733)-Ganguly,S (2625) Edmonton 2015}) 4. Bf4 b5 $146 ({Predecessor:} 4... dxc4 5. e3 b5 6. a3 Bb7 7. f3 Nd5 8. Nxd5 Bxd5 9. Ne2 e6 10. Nc3 Bb7 11. b3 cxb3 12. Qxb3 {0-1 (21) Duncan,W (1002)-Prestidge,J (1004) IECC email 2001}) 5. cxd5 Bb7 6. Rc1 {D06: Queen's Gambit: Symmetrical and Baltic Defences} Nbd7 (6... Nxd5 $142 7. Nxd5 Qxd5) 7. a4 ({White should try} 7. e4 $16) 7... b4 $11 8. Na2 {The position is equal.} Ne5 $2 {[%mdl 8192]} (8... Nxd5 $15 {keeps the upper hand.} 9. Bg3 c5 $1 {[%mdl 512]}) 9. Bxe5 $18 a5 (9... Qxd5 $142 10. b3 Rc8) 10. Rxc7 Ba6 {[#]} 11. Qd3 $4 {[%mdl 8192]} (11. e4 $1 $18 {avoids the disaster.} Bxf1 (11... Nxe4 12. Qc2) 12. Kxf1) 11... e6 $4 {[%mdl 8192]} (11... Bxd3 $19 12. exd3 Nxd5) 12. f3 $4 {[%mdl 8192]} (12. Qc2 $18 Qxd5 13. Bxf6) 12... Rb8 $4 {[%mdl 8192]} (12... Bxd3 $19 13. exd3 Nxd5) 13. Rd7 $2 (13. Qxa6 $18 {and the rest is easy.} exd5 14. e4) 13... Qc8 1/2-1/2

[Event "32nd British Rapid-ch 2018"]
[Site "Ilkley"]
[Date "2018.11.25"]
[Round "6"]
[White "Willow, Jonah B"]
[Black "Barry, Colm"]
[Result "1-0"]
[WhiteElo "2224"]
[BlackElo "2241"]
[PlyCount "27"]
[EventDate "2018.11.24"]
[EventType "swiss"]
[EventCountry "ENG"]

1. e4 e5 2. Nf3 d6 3. d4 Nf6 4. Nc3 Nbd7 5. Bc4 Be7 6. O-O O-O 7. a4 c6 8. h3 b6 9. Re1 a6 10. Bg5 Qc7 11. Bb3 Bb7 12. Nh4 exd4 13. Nf5 dxc3 14. Nxe7+ {Kh8bxc3 [%clk 0:00:00] Rfe8 [%clk 0:00:00] Nf5 [%clk 0:00:00] Nxe4 [%clk 0:00:00] Qd4 [%clk 0:00:00] Ndf6 [%clk 0:00:00] Bxf6 [%clk 0:00:00] Nxf6 [%clk 0:00:00] Rxe8+ [%clk 0:00:00] Rxe8 [%clk 0:00:00] Nxd6 [%clk 0:00:00] Rf8 [%clk 0:00:00] Re1 [%clk 0:00:00] c5 [%clk 0:00:00] Qe5 [%clk 0:00:00] Bc8 [%clk 0:00:00] Nxf7+ [%clk 0:00:00]} 1-0

[Event "32nd British Rapid-ch 2018"]
[Site "Ilkley"]
[Date "2018.11.25"]
[Round "6"]
[White "Surtees, Mike J"]
[Black "Alsina Leal, Daniel"]
[Result "1-0"]
[WhiteElo "2096"]
[BlackElo "2472"]
[Annotator "TA"]
[PlyCount "45"]
[EventDate "2018.11.24"]
[EventType "swiss"]
[EventCountry "ENG"]

{[%evp 9,45,-30,-24,-18,0,-51,-39,-59,4,-204,-197,-211,-48,-112,-47,-39,66,-110,0,0,0,-17,0,-155,-140,-254,0,-155,-205,-250,119,-573,162,0,195,175,368,370]} 1. e4 c5 2. Nh3 $146 (2. Nf3 Nc6 3. Bb5 g6 4. O-O Bg7 5. Re1 e5 6. b4 Nxb4 7. Bb2 a6 8. a3 axb5 9. axb4 Rxa1 10. Bxa1 d6 11. bxc5 Ne7 12. Qe2 b4 13. Qc4 Qa5 14. cxd6 Be6 {½-½ (34) Caruana,F (2832)-Carlsen,M (2835) London 2018}) 2... Nc6 3. f4 Nf6 4. Nf2 g6 5. d3 Bg7 6. g3 {B31: Sicilian: 2...Nc6 3 Bb5 g6} O-O 7. a4 (7. Bg2 $11) 7... e5 8. Nc3 {Black is slightly better.} d6 (8... d5 $15) 9. Nd5 $2 (9. Bg2 $11 {and White has nothing to worry.}) 9... Nxd5 $19 10. exd5 {[#]} Ne7 $2 ({Better is} 10... exf4 $1 $19 {Threatens to win with ...Re8+.} 11. dxc6 Re8+ 12. Ne4 d5) 11. c3 (11. Bg2 $1 $15) 11... b5 (11... Nxd5 $17 {aiming for ...exf4.} 12. Bg2 Be6 13. fxe5 dxe5) 12. axb5 $15 Qc7 ({Much worse is} 12... Nxd5 $6 13. Bg2 $16) (12... exf4 $15 13. Bg2 fxg3 14. hxg3 Bb7) 13. g4 $2 (13. Bg2 $14 {stays ahead.}) 13... f5 (13... Nxd5 $17 14. fxe5 Bb7) 14. fxe5 $11 Bxe5 15. Bh6 Rf7 16. h3 $2 (16. Bg2 $1 $11) 16... Bb7 17. c4 (17. Bg2 $17 {is a better defense.}) 17... Bc8 $2 ({Don't do} 17... Bxb2 18. Ra4 $17) (17... Re8 $19 18. Be2 Bd4) 18. Rb1 $2 (18. Bg2 $11) 18... fxg4 $17 19. hxg4 {[%cal Bh3g4,Bg4f5][%mdl 32]} Bd4 $2 (19... Bg3 $19 20. Be3 {[#]} Nxd5 $1 {[%mdl 576] Clearance} 21. cxd5 Qe7) 20. Be3 $2 {[%mdl 8192]} (20. Ne4 $16 {is forced if you want to stay better.}) 20... Bg7 $4 {[%mdl 8192]} (20... Bxe3 $19 21. Ne4 Qa5+ 22. b4 cxb4) 21. b3 $2 ({White should try} 21. Qd2 $18) 21... Bf8 $2 (21... h5 $11 {and Black stays safe.} 22. Be2 hxg4) 22. Be2 Bf5 $2 (22... Bb7 {was necessary.} 23. O-O Bg7) 23. gxf5 {Accuracy: White = 11%, Black = 10%.} 1-0

[Event "32nd British Rapid-ch 2018"]
[Site "Ilkley"]
[Date "2018.11.25"]
[Round "6"]
[White "Han, Yichen"]
[Black "Van Kemenade, Rudy"]
[Result "1-0"]
[WhiteElo "2061"]
[BlackElo "1953"]
[PlyCount "83"]
[EventDate "2018.11.24"]
[EventType "swiss"]
[EventCountry "ENG"]

1. d4 Nf6 2. Bf4 d6 3. Nf3 g6 4. e3 Bg7 5. h3 O-O 6. Be2 Nc6 7. O-O Qe8 8. c4 e5 9. Bh2 e4 10. Nfd2 h5 11. Nc3 Bf5 12. a3 a5 13. Rb1 Qd7 14. b4 axb4 15. axb4 Rfe8 16. b5 Ne7 17. Nb3 c6 18. c5 d5 19. bxc6 bxc6 20. Nd2 h4 21. Na4 Qe6 22. Nb6 Ra2 23. Ra1 Rxa1 24. Qxa1 g5 25. Na8 Rc8 26. Nb6 Rf8 27. Be5 g4 28. Bxf6 Bxf6 29. hxg4 Bxg4 30. Bxg4 Qxg4 31. Qd1 Qg5 32. Nd7 Ra8 33. Nxf6+ Qxf6 34. Qg4+ Ng6 35. f3 exf3 36. Nxf3 Qe7 37. Ne5 Rf8 38. Nxg6 fxg6 39. Qxg6+ Qg7 40. Qxg7+ Kxg7 41. Rxf8 Kxf8 42. Kh2 1-0

[Event "32nd British Rapid-ch 2018"]
[Site "Ilkley"]
[Date "2018.11.25"]
[Round "7"]
[White "Sarakauskas, Gediminas"]
[Black "Willow, Jonah B"]
[Result "1-0"]
[WhiteElo "2425"]
[BlackElo "2224"]
[Annotator "TA"]
[PlyCount "103"]
[EventDate "2018.11.24"]
[EventType "swiss"]
[EventCountry "ENG"]

{[%evp 16,103,0,-11,0,-35,-9,-8,0,-67,-65,-51,-47,-53,-66,-84,-4,-10,-16,-15,-13,-33,-32,-32,-36,-31,-31,-35,-35,-35,-36,-42,31,40,74,80,85,92,93,91,89,93,94,94,125,133,162,156,184,129,129,128,171,160,279,272,294,296,345,340,377,376,457,450,547,504,541,519,635,629,620,603,834,828,1926,1888,1976,2034,1696,1726,2147,2943,5941,5126,5118,4372,2850,2733,29986,29987]} 1. e4 c5 2. Nf3 e6 3. b3 Nc6 4. Bb2 d5 5. exd5 exd5 6. Bb5 {B40: Sicilian: 2...e6, Unusual lines} Nf6 7. O-O Be7 8. d4 (8. Ne5 Qc7 9. Re1 O-O 10. h3 Ne4 11. Bxc6 bxc6 12. d3 Nxf2 13. Kxf2 Bh4+ {0-1 (28) Antal,G (2523)-Vorobiov,E (2584) La Roda 2017}) 8... O-O 9. h3 {LiveBook: 3 Games} Ne4 10. dxc5 Bxc5 {aiming for ...Qb6.} 11. Nc3 Be6 $146 ({Predecessor:} 11... Nxf2 12. Rxf2 Bxf2+ 13. Kxf2 Qb6+ 14. Kg3 {½-½ (45) Jia,H (2366)-Peng,H (2221) Sanya City 2017}) 12. Ne2 (12. Na4 $11 Be7 13. c4) 12... Qb6 $15 13. Ned4 Rac8 (13... a6 {is more complex.} 14. Be2 Rfe8 15. c3 f6 16. Rc1 Bf7) 14. a3 Nxd4 15. Nxd4 {[#]} Bxd4 ({Black should try} 15... a6 $1 $17 {[%cal Ra6b5]} 16. Be2 Rfe8) 16. Qxd4 $11 Qxd4 17. Bxd4 Rxc2 {...Nd2 is the strong threat.} 18. Bxa7 Nd2 19. Rfc1 Rxc1+ 20. Rxc1 Ra8 21. Be3 Nxb3 {Threatens to win with ...d4.} 22. Rc7 d4 23. Bf4 Rc8 (23... Rd8 $15 24. Rxb7 d3) 24. Rxb7 $14 d3 {[#]} 25. Bd7 $1 {[%cal Rd7c8]} Bxd7 26. Rxd7 $16 {[%mdl 4096] Endgame KRB-KRN} ({Reject} 26. Rxb3 $6 Bf5 $11) 26... Nc5 27. Rd5 Ne6 28. Bd2 f6 29. Rxd3 Kf7 30. a4 Ra8 31. a5 Nc5 32. Ra3 (32. Rd5 $18 Nb3 33. Be1) 32... Ke6 33. Be3 Na6 34. Rb3 Kd5 (34... Nc7 $16 {might work better.}) 35. Rb7 $18 Rg8 36. g4 h6 37. Kg2 Nb8 38. Kg3 Kc6 39. a6 {[%cal Ba5a6,Ba6a7][%mdl 32]} Nd7 40. Rb1 Ra8 41. a7 g6 42. h4 Kd5 43. h5 gxh5 44. gxh5 Rg8+ 45. Kf4 Ke6 46. Ra1 Ra8 47. Ra6+ Ke7 48. Kf5 Ne5 49. Rxf6 Nc4 50. Rxh6 Nd6+ 51. Kg4 Rg8+ 52. Rg6 {Accuracy: White = 76%, Black = 26%.} 1-0

[Event "32nd British Rapid-ch 2018"]
[Site "Ilkley"]
[Date "2018.11.25"]
[Round "7"]
[White "Cohen, Aron J"]
[Black "Bates, Richard A"]
[Result "0-1"]
[WhiteElo "2265"]
[BlackElo "2378"]
[PlyCount "78"]
[EventDate "2018.11.24"]
[EventType "swiss"]
[EventCountry "ENG"]

1. e4 c5 2. c3 Nf6 3. e5 Nd5 4. d4 cxd4 5. cxd4 e6 6. Nf3 d6 7. a3 Nc6 8. Bd3 g6 9. O-O Bg7 10. Re1 O-O 11. h4 dxe5 12. dxe5 Qc7 13. Qe2 Bd7 14. b4 Rac8 15. Bd2 Qb6 16. Ra2 Nd4 17. Qe4 Nxf3+ 18. Qxf3 Bc6 19. Qg3 Rfd8 20. h5 Bb5 21. Be4 Qd4 22. Bg5 Bxe5 23. Qh4 Bf6 24. Rd2 Bxg5 25. Qxg5 Qg7 26. h6 Qf8 27. Bxd5 exd5 28. Rxd5 Bc6 29. Rde5 f6 30. Qg4 fxe5 31. Nc3 Qf5 32. Qh4 a6 33. Re3 e4 34. Ne2 Rd1+ 35. Kh2 Rf8 36. Ng3 Qxf2 37. Re2 Qg1+ 38. Kh3 Bd7+ 39. Nf5 Bxf5+ 0-1

[Event "32nd British Rapid-ch 2018"]
[Site "Ilkley"]
[Date "2018.11.25"]
[Round "7"]
[White "Han, Yichen"]
[Black "Gormally, Daniel W"]
[Result "0-1"]
[WhiteElo "2061"]
[BlackElo "2483"]
[Annotator "TA"]
[PlyCount "94"]
[EventDate "2018.11.24"]
[EventType "swiss"]
[EventCountry "ENG"]

{[%evp 26,94,0,0,21,0,55,37,38,40,62,57,69,71,81,79,73,60,48,52,61,-56,-60,-61,-63,-133,-125,-110,-86,-64,-67,-113,-112,-145,-145,-486,-322,-299,-322,-322,-316,-316,-321,-321,-318,-318,-316,-305,-305,-332,-332,-319,-310,-318,-309,-375,-375,-367,-349,-1561,-1519,-1591,-1558,-1550,-1541,-1197,-1141,-6834,-1472,-11103,-11497]} 1. e4 c5 2. Nf3 d6 3. d4 Nf6 4. Nc3 cxd4 5. Nxd4 a6 6. Bg5 e6 7. f4 Qc7 8. Qf3 Nbd7 9. O-O-O b5 10. Bd3 Bb7 11. Rhe1 Be7 12. Qg3 h6 {B99: Sicilian Najdorf: 6 Bg5 e6 7 f4 Be7 8 Qf3 Qc7 9 0-0-0 Nbd7} (12... b4 13. Nd5 exd5 14. exd5 Kd8 15. Nc6+ Bxc6 16. dxc6 Nc5 17. Bh4 Rg8 18. Bxh7 Rh8 19. Qxg7 Rxh7 20. Qxf6 Rxh4 21. Qxf7 Rh8 22. Re5 {½-½ (34) Wang,H (2733)-Dominguez Perez,L (2730) Sochi 2012}) 13. Bh4 g5 14. fxg5 {LiveBook: 7 Games} hxg5 {The position is equal.} 15. Bxg5 (15. Qxg5 b4 $15) 15... O-O-O (15... Rg8 $1 $11 16. h4 b4) 16. h4 $146 ({Predecessor:} 16. Bxb5 Ne5 17. Bxf6 Bxf6 18. Ba4 Bh4 19. Qf4 Bxe1 20. Rxe1 {1-0 (41) Roach,A (1975)-Zhou,X (1682) Durban 2014}) 16... Rdg8 17. Qf2 Ne5 18. Kb1 ({Of course not} 18. Bxf6 Ng4 $15) 18... Nfg4 19. Qd2 Rxh4 20. Bxh4 Bxh4 {[#]} 21. Re2 $1 Bg5 22. Qe1 Bf6 23. Ndxb5 (23. a4 $14) 23... axb5 $15 24. Nxb5 Qc5 ({But not} 24... Nxd3 $2 25. Rxd3 Qb6 26. Nxd6+ Kb8 27. e5 $16) 25. Qc3 (25. a4 $15) 25... Qxc3 $17 26. Nxd6+ Kb8 27. bxc3 Bc6 $36 {[%mdl 2048] And now ...Rd8 would win. White is under pressure.} 28. Bb5 {[#]} Kc7 $1 {White must now prevent ...Rb8.} 29. Bxc6 Kxc6 30. c4 $2 {[%mdl 8192]} (30. Rd4 $17 {was the crucial defense.}) 30... Rb8+ 31. Nb5 Nxc4 32. a4 Nb2 33. Rd6+ Kc5 34. Ra6 {[#]} Nxa4 $1 {[%mdl 512]} 35. Rxa4 {With the idea c4.} Kxb5 ({Resist} 35... Rxb5+ 36. Ka2 $19) 36. Ra7 Bd4 37. Rxf7 Kc4+ 38. Kc1 Be3+ 39. Rxe3 Nxe3 $19 {[%mdl 4096] Endgame KRN-KR} 40. Rf6 Rb6 41. Kd2 Kd4 42. Rh6 $2 (42. Rf3 Nxg2 43. Rf2) 42... Nxg2 {Black is clearly winning.} 43. Rg6 Nf4 44. Rg3 Kxe4 45. Re3+ Kf5 46. c4 e5 {[%cal Be6e5,Be5e4][%mdl 32]} 47. Kc3 e4 {Accuracy: White = 36%, Black = 71%.} 0-1

[Event "32nd British Rapid-ch 2018"]
[Site "Ilkley"]
[Date "2018.11.25"]
[Round "7"]
[White "Van Kemenade, Rudy"]
[Black "Surtees, Mike J"]
[Result "1/2-1/2"]
[WhiteElo "1953"]
[BlackElo "2096"]
[PlyCount "80"]
[EventDate "2018.11.24"]
[EventType "swiss"]
[EventCountry "ENG"]

1. e4 c5 2. Nf3 e6 3. d3 Nc6 4. g3 g6 5. Bg5 Qc7 6. Bg2 h6 7. Be3 d6 8. O-O Bg7 9. c3 Nge7 10. d4 cxd4 11. cxd4 d5 12. e5 Bd7 13. Nc3 Na5 14. Rc1 Qd8 15. b3 Nf5 16. Qd2 b6 17. h4 Qe7 18. Bh3 Nxe3 19. Qxe3 O-O 20. Rfe1 Rfc8 21. Nh2 a6 22. f4 b5 23. Bf1 b4 24. Nd1 Bb5 25. Nb2 Nb7 26. Ng4 h5 27. Nf2 Bf8 28. Rxc8 Rxc8 29. Bxb5 axb5 30. Rc1 Qd8 31. Nbd3 Rc7 32. Qd2 Qc8 33. Rxc7 {Qxc7Nxb4 [%clk 0:00:00] Qa5 [%clk 0:00:00] Nfd3 [%clk 0:00:00]} Nd8 34. Qe1 Kg7 {Kf2 [%clk 0:00:00] Qc7 [%clk 0:00:00]} 35. Qd2 Nb7 {Ke3 [%clk 0:00:00] Be7 [%clk 0:00:00]} 36. Qc2 {Qxc2 [%clk 0:00:00] Nxc2 [%clk 0:00:00] Kf8 [%clk 0:00:00] Kd2 [%clk 0:00:00] Ke8 [%clk 0:00:00] Kc3 [%clk 0:00:00] Kd7 [%clk 0:00:00] b4 [%clk 0:00:00] Kc7 [%clk 0:00:00]} Nc5 {Kc6 [%clk 0:00:00] Nxb7 [%clk 0:00:00] Kxb7 [%clk 0:00:00] Kb3 [%clk 0:00:00] Kb6 [%clk 0:00:00]} 37. a4 {f6 [%clk 0:00:00] a5+ [%clk 0:00:00] Ka6 [%clk 0:00:00] Kc3 [%clk 0:00:00] Kb7 [%clk 0:00:00] Ne1 [%clk 0:00:00] fxe5 [%clk 0:00:00] fxe5 [%clk 0:00:00]} g5 {Nf3 [%clk 0:00:00] gxh4 [%clk 0:00:00] gxh4 [%clk 0:00:00] Bd8 [%clk 0:00:00] Ng5 [%clk 0:00:00] Bxg5 [%clk 0:00:00]} 38. hxg5 h4 39. g6 h3 {g7 [%clk 0:00:00] h2 [%clk 0:00:00] g8=Q [%clk 0:00:00] h1=Q [%clk 0:00:00] Qf7+ [%clk 0:00:00] Kb8 [%clk 0:00:00] Qe8+ [%clk 0:00:00] Kc7 [%clk 0:00:00] Qe7+ [%clk 0:00:00] Kb8 [%clk 0:00:00] Qd6+ [%clk 0:00:00] Kb7 [%clk 0:00:00] Qb6+ [%clk 0:00:00] Kc8 [%clk 0:00:00] Qxe6+ [%clk 0:00:00] Kd8 [%clk 0:00:00] Qb6+ [%clk 0:00:00] Ke7 [%clk 0:00:00] Qxb5 [%clk 0:00:00]} 40. Qc1 {Kb3 [%clk 0:00:00] Qb1+ [%clk 0:00:00] Ka3 [%clk 0:00:00] Qh1 [%clk 0:00:00]} Qb7 1/2-1/2